01152cam a22003014a 4500001000500000005001700005020001800022040002300040050001400063082001200077100001700089245005300106260003300159300004500192490001900237505000800256520011900264521002000383521002000403650003100423650001000454700003400464906004500498942001500543999001500558952014200573952013500715161920250521091328.0 a9780753458044 aDLCcDLCdDLCbeng00aQL565.A4400a595.7991 aAllen, Judy.10aAre you a bee? cJudy Allen and Tudor Humphries. aNew York :bKingfisherc2000 a31 pages :bcolor illustrations ;c22 cm1 aBackyard books aM  aA juvenile bee faces many challenges as it takes its place in the hive and joins in the work of the bee community. a530 bLexile  aM bRaz-Plus  0aBeesvJuvenile literature. 1aBees.1 aHumphries, Tudoreillustrator a7bcbccorignewd1eocipf20gy-gencatlg 2ddccBKn0 c1619d1619 00102ddc40708JUVFa002b002cTTP Yellow d2023-09-11l5oALL Fic QL565.A44pFIS03049r2024-09-18 11:25:41s2024-09-11w2023-09-11yBK 00102ddc40708JUVFa002b002cTTP Yellow d2025-05-21l0oALL Fic QL565.A44pFISTK01811r2025-05-21 09:13:25t2w2025-05-21yBK